Dbz- Most important Characters to the plot.(DB,DBZ,DBS) - Statistics

General Stats
  • This quiz has been taken 680 times
  • The average score is 18 of 27
Answer Stats
Answer % Correct
Goku
100%
Vegeta
98%
Gohan
97%
Future Trunks
88%
Trunks
88%
Bulma
87%
Frieza
87%
Piccolo
85%
Cell
83%
Krillin
83%
Majin Buu
81%
Beerus
75%
Tien
75%
Chi Chi
72%
Whis
70%
Master Roshi
67%
Android 18
61%
Android 17
59%
Raditz
49%
Gotenks
46%
Vegito
44%
King Kai
41%
Videl
40%
Hit
30%
Supreme Kai
29%
Shenron
22%
Korin
15%
No matching quizzes found
Score Distribution
Percent of People with Each Score
Percentile by Number Answered
Your Score History
You have not taken this quiz